000 00350 a2200157 4500
001 61315
020 _a9783468499937
040 _cAnchieta - Pituba
100 _aLohfert, Walter
240 1 0 _aWörter-bilder-situationen
_lpor
245 1 0 _aWörter-bilder-situationen
300 _a48
362 0 _a1983
650 4 _aLíngua alemã
942 _cBK
999 _c61315
_d61315